000 00662nam a22002297a 4500
003 UA-OsUOA
001 44528
007 ta
008 20070227b un ||||| |||| 00| 0 ukr d
090 _a94(477).09(084)
_bВ43
942 _cBK
040 _aUA-OsUOA
_bukr
_cUA-OsUOA
_dUA-OsUOA
245 _aВікопомний подвиг: Україна у Великій Вітчизняній війні
_bФотоальбом
300 _a215 с.
955 _a0
041 _aukr
080 _a94(477).09(084)
020 _a966-7126-14-5
260 _aК.
_c2006
650 7 _a9 Географія. Біографії. Історія
_2UDC
999 _c330646
_d330646